<?xml version="1.0" encoding="UTF-8"?><marc:collection xmlns:marc="http://www.loc.gov/MARC21/slim">
  <marc:record>
    <marc:leader>05546nas a2200817 c 4500</marc:leader>
    <marc:controlfield tag="001">010024565</marc:controlfield>
    <marc:controlfield tag="003">DE-101</marc:controlfield>
    <marc:controlfield tag="005">20250311204409.0</marc:controlfield>
    <marc:controlfield tag="007">tu</marc:controlfield>
    <marc:controlfield tag="008">991118d19511990gw u||p|  w|| 0||||1ger c</marc:controlfield>
    <marc:datafield tag="015" ind1=" " ind2=" ">
      <marc:subfield code="a">77,A25,0085</marc:subfield>
      <marc:subfield code="2">dnb</marc:subfield>
    </marc:datafield>
    <marc:datafield tag="016" ind1="7" ind2=" ">
      <marc:subfield code="2">DE-600</marc:subfield>
      <marc:subfield code="a">1862-4</marc:subfield>
    </marc:datafield>
    <marc:datafield tag="016" ind1="7" ind2=" ">
      <marc:subfield code="2">DE-101</marc:subfield>
      <marc:subfield code="a">010024565</marc:subfield>
    </marc:datafield>
    <marc:datafield tag="022" ind1=" " ind2=" ">
      <marc:subfield code="a">0433-7131</marc:subfield>
    </marc:datafield>
    <marc:datafield tag="035" ind1=" " ind2=" ">
      <marc:subfield code="a">(DE-599)ZDB1862-4</marc:subfield>
    </marc:datafield>
    <marc:datafield tag="035" ind1=" " ind2=" ">
      <marc:subfield code="a">(OCoLC)1367276560</marc:subfield>
    </marc:datafield>
    <marc:datafield tag="040" ind1=" " ind2=" ">
      <marc:subfield code="a">9001</marc:subfield>
      <marc:subfield code="b">ger</marc:subfield>
      <marc:subfield code="c">DE-101</marc:subfield>
      <marc:subfield code="d">9999</marc:subfield>
    </marc:datafield>
    <marc:datafield tag="041" ind1=" " ind2=" ">
      <marc:subfield code="a">ger</marc:subfield>
    </marc:datafield>
    <marc:datafield tag="042" ind1=" " ind2=" ">
      <marc:subfield code="a">zdb</marc:subfield>
    </marc:datafield>
    <marc:datafield tag="043" ind1=" " ind2=" ">
      <marc:subfield code="c">XA-DE</marc:subfield>
    </marc:datafield>
    <marc:datafield tag="044" ind1=" " ind2=" ">
      <marc:subfield code="c">XA-DE</marc:subfield>
    </marc:datafield>
    <marc:datafield tag="082" ind1="7" ind2="4">
      <marc:subfield code="a">340</marc:subfield>
      <marc:subfield code="q">DE-600</marc:subfield>
      <marc:subfield code="2">22sdnb</marc:subfield>
    </marc:datafield>
    <marc:datafield tag="084" ind1=" " ind2=" ">
      <marc:subfield code="a">19</marc:subfield>
      <marc:subfield code="a">340</marc:subfield>
      <marc:subfield code="a">360</marc:subfield>
      <marc:subfield code="q">DE-101</marc:subfield>
      <marc:subfield code="2">sdnb</marc:subfield>
    </marc:datafield>
    <marc:datafield tag="084" ind1=" " ind2=" ">
      <marc:subfield code="a">2,1</marc:subfield>
      <marc:subfield code="2">ssgn</marc:subfield>
    </marc:datafield>
    <marc:datafield tag="084" ind1=" " ind2=" ">
      <marc:subfield code="a">KRIM</marc:subfield>
      <marc:subfield code="q">DE-21</marc:subfield>
      <marc:subfield code="2">fid</marc:subfield>
    </marc:datafield>
    <marc:datafield tag="084" ind1=" " ind2=" ">
      <marc:subfield code="a">PH 1000</marc:subfield>
      <marc:subfield code="2">rvk</marc:subfield>
    </marc:datafield>
    <marc:datafield tag="084" ind1=" " ind2=" ">
      <marc:subfield code="a">600</marc:subfield>
      <marc:subfield code="2">rpb</marc:subfield>
    </marc:datafield>
    <marc:datafield tag="084" ind1=" " ind2=" ">
      <marc:subfield code="a">7.8a</marc:subfield>
      <marc:subfield code="a">7.7a</marc:subfield>
      <marc:subfield code="a">7.2c</marc:subfield>
      <marc:subfield code="a">7.8c</marc:subfield>
      <marc:subfield code="q">DE-101</marc:subfield>
      <marc:subfield code="2">sswd</marc:subfield>
    </marc:datafield>
    <marc:datafield tag="110" ind1="1" ind2=" ">
      <marc:subfield code="0">(DE-588)35118-0</marc:subfield>
      <marc:subfield code="0">https://d-nb.info/gnd/35118-0</marc:subfield>
      <marc:subfield code="0">(DE-101)000351180</marc:subfield>
      <marc:subfield code="a">Deutschland</marc:subfield>
      <marc:subfield code="g">Bundesrepublik</marc:subfield>
      <marc:subfield code="b">Bundesgerichtshof</marc:subfield>
      <marc:subfield code="e">Verfasser</marc:subfield>
      <marc:subfield code="4">aut</marc:subfield>
      <marc:subfield code="2">gnd</marc:subfield>
    </marc:datafield>
    <marc:datafield tag="245" ind1="1" ind2="0">
      <marc:subfield code="a">Entscheidungen des Bundesgerichtshofes in Strafsachen</marc:subfield>
      <marc:subfield code="b">BGHSt</marc:subfield>
      <marc:subfield code="c">hrsg. von den Mitgliedern des Bundesgerichtshofes und der Bundesanwaltschaft</marc:subfield>
    </marc:datafield>
    <marc:datafield tag="246" ind1="3" ind2=" ">
      <marc:subfield code="a">BGHSt</marc:subfield>
    </marc:datafield>
    <marc:datafield tag="264" ind1="3" ind2="1">
      <marc:subfield code="a">Köln</marc:subfield>
      <marc:subfield code="a">Berlin</marc:subfield>
      <marc:subfield code="b">Heymann</marc:subfield>
      <marc:subfield code="c">1951-1990</marc:subfield>
    </marc:datafield>
    <marc:datafield tag="264" ind1="2" ind2="1">
      <marc:subfield code="3">früher</marc:subfield>
      <marc:subfield code="a">Berlin</marc:subfield>
      <marc:subfield code="a">Köln</marc:subfield>
      <marc:subfield code="a">Detmold</marc:subfield>
      <marc:subfield code="a">München</marc:subfield>
      <marc:subfield code="b">Heymanns</marc:subfield>
    </marc:datafield>
    <marc:datafield tag="336" ind1=" " ind2=" ">
      <marc:subfield code="a">Text</marc:subfield>
      <marc:subfield code="b">txt</marc:subfield>
      <marc:subfield code="2">rdacontent</marc:subfield>
    </marc:datafield>
    <marc:datafield tag="337" ind1=" " ind2=" ">
      <marc:subfield code="a">ohne Hilfsmittel zu benutzen</marc:subfield>
      <marc:subfield code="b">n</marc:subfield>
      <marc:subfield code="2">rdamedia</marc:subfield>
    </marc:datafield>
    <marc:datafield tag="338" ind1=" " ind2=" ">
      <marc:subfield code="a">Band</marc:subfield>
      <marc:subfield code="b">nc</marc:subfield>
      <marc:subfield code="2">rdacarrier</marc:subfield>
    </marc:datafield>
    <marc:datafield tag="362" ind1="0" ind2=" ">
      <marc:subfield code="a">1.1950/51(1951) - 36.1989/90(1990)</marc:subfield>
    </marc:datafield>
    <marc:datafield tag="363" ind1="0" ind2="0">
      <marc:subfield code="8">1.1\x</marc:subfield>
      <marc:subfield code="a">1</marc:subfield>
      <marc:subfield code="i">1950/51</marc:subfield>
    </marc:datafield>
    <marc:datafield tag="363" ind1="1" ind2="0">
      <marc:subfield code="8">1.2\x</marc:subfield>
      <marc:subfield code="a">36</marc:subfield>
      <marc:subfield code="i">1989/90</marc:subfield>
    </marc:datafield>
    <marc:datafield tag="490" ind1="0" ind2=" ">
      <marc:subfield code="a">Entscheidungen des Bundesgerichtshofes</marc:subfield>
    </marc:datafield>
    <marc:datafield tag="583" ind1="1" ind2=" ">
      <marc:subfield code="a">Archivierung/Langzeitarchivierung gewährleistet</marc:subfield>
      <marc:subfield code="c">2020</marc:subfield>
      <marc:subfield code="f">PENW</marc:subfield>
      <marc:subfield code="5">DE-5</marc:subfield>
      <marc:subfield code="2">pdager</marc:subfield>
    </marc:datafield>
    <marc:datafield tag="591" ind1=" " ind2=" ">
      <marc:subfield code="a">A!180!</marc:subfield>
    </marc:datafield>
    <marc:datafield tag="610" ind1="1" ind2="7">
      <marc:subfield code="0">(DE-588)35118-0</marc:subfield>
      <marc:subfield code="0">https://d-nb.info/gnd/35118-0</marc:subfield>
      <marc:subfield code="0">(DE-101)000351180</marc:subfield>
      <marc:subfield code="a">Deutschland</marc:subfield>
      <marc:subfield code="g">Bundesrepublik</marc:subfield>
      <marc:subfield code="b">Bundesgerichtshof</marc:subfield>
      <marc:subfield code="9">rswk-swf</marc:subfield>
      <marc:subfield code="2">gnd</marc:subfield>
    </marc:datafield>
    <marc:datafield tag="610" ind1="1" ind2="7">
      <marc:subfield code="0">(DE-588)35118-0</marc:subfield>
      <marc:subfield code="0">https://d-nb.info/gnd/35118-0</marc:subfield>
      <marc:subfield code="0">(DE-101)000351180</marc:subfield>
      <marc:subfield code="a">Deutschland</marc:subfield>
      <marc:subfield code="g">Bundesrepublik</marc:subfield>
      <marc:subfield code="b">Bundesgerichtshof</marc:subfield>
      <marc:subfield code="9">rswk-swf</marc:subfield>
      <marc:subfield code="2">gnd</marc:subfield>
    </marc:datafield>
    <marc:datafield tag="650" ind1=" " ind2="7">
      <marc:subfield code="0">(DE-588)4057795-8</marc:subfield>
      <marc:subfield code="0">https://d-nb.info/gnd/4057795-8</marc:subfield>
      <marc:subfield code="0">(DE-101)040577953</marc:subfield>
      <marc:subfield code="a">Strafrecht</marc:subfield>
      <marc:subfield code="9">rswk-swf</marc:subfield>
      <marc:subfield code="2">gnd</marc:subfield>
    </marc:datafield>
    <marc:datafield tag="650" ind1=" " ind2="7">
      <marc:subfield code="0">(DE-588)4183487-2</marc:subfield>
      <marc:subfield code="0">https://d-nb.info/gnd/4183487-2</marc:subfield>
      <marc:subfield code="0">(DE-101)041834879</marc:subfield>
      <marc:subfield code="a">Strafsache</marc:subfield>
      <marc:subfield code="9">rswk-swf</marc:subfield>
      <marc:subfield code="2">gnd</marc:subfield>
    </marc:datafield>
    <marc:datafield tag="650" ind1=" " ind2="7">
      <marc:subfield code="a">Strafrecht</marc:subfield>
      <marc:subfield code="x">Entscheidungssammlung</marc:subfield>
      <marc:subfield code="2">local</marc:subfield>
    </marc:datafield>
    <marc:datafield tag="650" ind1=" " ind2="7">
      <marc:subfield code="8">2\p</marc:subfield>
      <marc:subfield code="0">(DE-588)4057795-8</marc:subfield>
      <marc:subfield code="0">https://d-nb.info/gnd/4057795-8</marc:subfield>
      <marc:subfield code="0">(DE-101)040577953</marc:subfield>
      <marc:subfield code="a">Strafrecht</marc:subfield>
      <marc:subfield code="2">gnd</marc:subfield>
    </marc:datafield>
    <marc:datafield tag="655" ind1=" " ind2="7">
      <marc:subfield code="0">(DE-588)4067488-5</marc:subfield>
      <marc:subfield code="0">https://d-nb.info/gnd/4067488-5</marc:subfield>
      <marc:subfield code="0">(DE-101)040674886</marc:subfield>
      <marc:subfield code="a">Zeitschrift</marc:subfield>
      <marc:subfield code="2">gnd-content</marc:subfield>
    </marc:datafield>
    <marc:datafield tag="655" ind1=" " ind2="7">
      <marc:subfield code="0">(DE-588)4152408-1</marc:subfield>
      <marc:subfield code="0">https://d-nb.info/gnd/4152408-1</marc:subfield>
      <marc:subfield code="0">(DE-101)04152408X</marc:subfield>
      <marc:subfield code="a">Entscheidungssammlung</marc:subfield>
      <marc:subfield code="2">gnd-content</marc:subfield>
    </marc:datafield>
    <marc:datafield tag="689" ind1="0" ind2="0">
      <marc:subfield code="0">(DE-588)35118-0</marc:subfield>
      <marc:subfield code="0">https://d-nb.info/gnd/35118-0</marc:subfield>
      <marc:subfield code="0">(DE-101)000351180</marc:subfield>
      <marc:subfield code="D">b</marc:subfield>
      <marc:subfield code="a">Deutschland</marc:subfield>
      <marc:subfield code="g">Bundesrepublik</marc:subfield>
      <marc:subfield code="b">Bundesgerichtshof</marc:subfield>
    </marc:datafield>
    <marc:datafield tag="689" ind1="0" ind2="1">
      <marc:subfield code="0">(DE-588)4057795-8</marc:subfield>
      <marc:subfield code="0">https://d-nb.info/gnd/4057795-8</marc:subfield>
      <marc:subfield code="0">(DE-101)040577953</marc:subfield>
      <marc:subfield code="D">s</marc:subfield>
      <marc:subfield code="a">Strafrecht</marc:subfield>
    </marc:datafield>
    <marc:datafield tag="689" ind1="0" ind2=" ">
      <marc:subfield code="5">DE-101</marc:subfield>
      <marc:subfield code="5">DE-101</marc:subfield>
    </marc:datafield>
    <marc:datafield tag="689" ind1="1" ind2="0">
      <marc:subfield code="0">(DE-588)35118-0</marc:subfield>
      <marc:subfield code="0">https://d-nb.info/gnd/35118-0</marc:subfield>
      <marc:subfield code="0">(DE-101)000351180</marc:subfield>
      <marc:subfield code="D">b</marc:subfield>
      <marc:subfield code="a">Deutschland</marc:subfield>
      <marc:subfield code="g">Bundesrepublik</marc:subfield>
      <marc:subfield code="b">Bundesgerichtshof</marc:subfield>
    </marc:datafield>
    <marc:datafield tag="689" ind1="1" ind2="1">
      <marc:subfield code="0">(DE-588)4183487-2</marc:subfield>
      <marc:subfield code="0">https://d-nb.info/gnd/4183487-2</marc:subfield>
      <marc:subfield code="0">(DE-101)041834879</marc:subfield>
      <marc:subfield code="D">s</marc:subfield>
      <marc:subfield code="a">Strafsache</marc:subfield>
    </marc:datafield>
    <marc:datafield tag="689" ind1="1" ind2=" ">
      <marc:subfield code="5">DE-600</marc:subfield>
      <marc:subfield code="5">DE-600</marc:subfield>
    </marc:datafield>
    <marc:datafield tag="776" ind1="0" ind2="8">
      <marc:subfield code="i">Erscheint auch als</marc:subfield>
      <marc:subfield code="n">Online-Ausgabe</marc:subfield>
      <marc:subfield code="a">Deutschland / Bundesgerichtshof</marc:subfield>
      <marc:subfield code="t">Entscheidungen des Bundesgerichtshofes in Strafsachen</marc:subfield>
      <marc:subfield code="d">[Erscheinungsort nicht ermittelbar] : Wolters Kluwer Deutschland, 1951-</marc:subfield>
      <marc:subfield code="h">Online-Ressource</marc:subfield>
      <marc:subfield code="x">0433-7131</marc:subfield>
      <marc:subfield code="w">(DE-600)2234693-4</marc:subfield>
      <marc:subfield code="w">(DE-101)979664543</marc:subfield>
    </marc:datafield>
    <marc:datafield tag="776" ind1="0" ind2="8">
      <marc:subfield code="i">Erscheint auch als</marc:subfield>
      <marc:subfield code="n">CD-ROM-Ausgabe</marc:subfield>
      <marc:subfield code="a">Deutschland / Bundesgerichtshof</marc:subfield>
      <marc:subfield code="t">BGHSt</marc:subfield>
      <marc:subfield code="d">Köln ; Berlin ; Bonn ; München : Heymanns, 1996-2004</marc:subfield>
      <marc:subfield code="h">CD-ROMs</marc:subfield>
      <marc:subfield code="w">(DE-600)1319287-5</marc:subfield>
      <marc:subfield code="w">(DE-101)01823075X</marc:subfield>
    </marc:datafield>
    <marc:datafield tag="776" ind1="0" ind2="8">
      <marc:subfield code="i">Erscheint auch als</marc:subfield>
      <marc:subfield code="n">CD-ROM-Ausgabe</marc:subfield>
      <marc:subfield code="a">Deutschland / Bundesgerichtshof</marc:subfield>
      <marc:subfield code="t">BGHSt-Edition</marc:subfield>
      <marc:subfield code="d">Köln : Carl Heymanns Verlag, 2005-[2024]</marc:subfield>
      <marc:subfield code="h">DVD-ROMs + CD-ROMs</marc:subfield>
      <marc:subfield code="w">(DE-600)2217537-4</marc:subfield>
      <marc:subfield code="w">(DE-101)978134753</marc:subfield>
    </marc:datafield>
    <marc:datafield tag="776" ind1="0" ind2="8">
      <marc:subfield code="i">Erscheint auch als</marc:subfield>
      <marc:subfield code="n">CD-ROM-Ausgabe</marc:subfield>
      <marc:subfield code="a">Deutschland / Bundesgerichtshof</marc:subfield>
      <marc:subfield code="t">BGH-Edition</marc:subfield>
      <marc:subfield code="d">Köln : Carl Heymanns Verlag, 2004-[2024]</marc:subfield>
      <marc:subfield code="h">CD-ROMs; DVDs</marc:subfield>
      <marc:subfield code="w">(DE-600)2242532-9</marc:subfield>
      <marc:subfield code="w">(DE-101)98046319X</marc:subfield>
    </marc:datafield>
    <marc:datafield tag="780" ind1="0" ind2="0">
      <marc:subfield code="i">Vorg.:</marc:subfield>
      <marc:subfield code="a">Deutschland &lt;Gebiet unter Alliierter Besatzung, Vereinigtes Wirtschaftsgebiet&gt; / Deutsches Obergericht</marc:subfield>
      <marc:subfield code="t">Entscheidungen des Deutschen Obergerichts für das Vereinigte Wirtschaftsgebiet</marc:subfield>
      <marc:subfield code="d">Berlin ; Detmold ; Köln ; München : Heymanns, 1951-1951</marc:subfield>
      <marc:subfield code="w">(DE-600)216327-5</marc:subfield>
      <marc:subfield code="w">(DE-101)011268107</marc:subfield>
    </marc:datafield>
    <marc:datafield tag="785" ind1="0" ind2="0">
      <marc:subfield code="i">Forts.:</marc:subfield>
      <marc:subfield code="a">Deutschland / Bundesgerichtshof</marc:subfield>
      <marc:subfield code="t">Entscheidungen des Bundesgerichtshofes in Strafsachen</marc:subfield>
      <marc:subfield code="d">Köln : Heymanns, 1990-</marc:subfield>
      <marc:subfield code="x">0433-7131</marc:subfield>
      <marc:subfield code="w">(DE-600)1123403-9</marc:subfield>
      <marc:subfield code="w">(DE-101)016527542</marc:subfield>
    </marc:datafield>
    <marc:datafield tag="787" ind1="0" ind2="8">
      <marc:subfield code="i">Index 1/10.1951/58 enth. Index 1/3.1948/50 von</marc:subfield>
      <marc:subfield code="a">Deutschland &lt;Gebiet unter Alliierter Besatzung, Britische Zone&gt; / Oberster Gerichtshof</marc:subfield>
      <marc:subfield code="t">Entscheidungen des Obersten Gerichtshofes für die Britische Zone in Strafsachen</marc:subfield>
      <marc:subfield code="d">Berlin ; Hamburg : de Gruyter, 1948-1950</marc:subfield>
      <marc:subfield code="w">(DE-600)216311-1</marc:subfield>
      <marc:subfield code="w">(DE-101)01126795X</marc:subfield>
    </marc:datafield>
    <marc:datafield tag="787" ind1="0" ind2="8">
      <marc:subfield code="i">Index 1/10.1951/58 enth. Index 76/77.1943/44 von</marc:subfield>
      <marc:subfield code="a">Deutsches Reich / Reichsgericht</marc:subfield>
      <marc:subfield code="t">Entscheidungen des Reichsgerichts in Strafsachen</marc:subfield>
      <marc:subfield code="d">Berlin : de @Gruyter Recht, 1880-2008</marc:subfield>
      <marc:subfield code="w">(DE-600)216341-X</marc:subfield>
      <marc:subfield code="w">(DE-101)011268239</marc:subfield>
    </marc:datafield>
    <marc:datafield tag="787" ind1="0" ind2="8">
      <marc:subfield code="i">Index</marc:subfield>
      <marc:subfield code="a">Deutschland &lt;Bundesrepublik&gt; / Bundesgerichtshof</marc:subfield>
      <marc:subfield code="t">BGH-Index für Zivil- und Strafsachen</marc:subfield>
      <marc:subfield code="d">München ; Berlin : Beck, 1957-1957</marc:subfield>
      <marc:subfield code="w">(DE-600)2011-4</marc:subfield>
      <marc:subfield code="w">(DE-101)010027211</marc:subfield>
    </marc:datafield>
    <marc:datafield tag="787" ind1="0" ind2="8">
      <marc:subfield code="i">Index</marc:subfield>
      <marc:subfield code="a">Deutschland &lt;Bundesrepublik&gt; / Bundesgerichtshof</marc:subfield>
      <marc:subfield code="t">Index der Entscheidungen des Bundesgerichtshofes in Zivil- und Strafsachen</marc:subfield>
      <marc:subfield code="d">München ; Berlin : Beck, 1966-1966</marc:subfield>
      <marc:subfield code="w">(DE-600)345746-1</marc:subfield>
      <marc:subfield code="w">(DE-101)012008273</marc:subfield>
    </marc:datafield>
    <marc:datafield tag="850" ind1=" " ind2=" ">
      <marc:subfield code="a">DE-101a</marc:subfield>
      <marc:subfield code="a">DE-101b</marc:subfield>
    </marc:datafield>
    <marc:datafield tag="883" ind1="1" ind2=" ">
      <marc:subfield code="8">2\p</marc:subfield>
      <marc:subfield code="a">kasw</marc:subfield>
      <marc:subfield code="c">1,000</marc:subfield>
      <marc:subfield code="d">20230807</marc:subfield>
      <marc:subfield code="q">DE-101</marc:subfield>
      <marc:subfield code="u">https://d-nb.info/provenance/plan#kasw</marc:subfield>
    </marc:datafield>
    <marc:datafield tag="889" ind1=" " ind2=" ">
      <marc:subfield code="w">(DE-101)550752811</marc:subfield>
    </marc:datafield>
    <marc:datafield tag="889" ind1=" " ind2=" ">
      <marc:subfield code="w">(DE-600)2367634-6</marc:subfield>
    </marc:datafield>
    <marc:datafield tag="925" ind1="r" ind2=" ">
      <marc:subfield code="a">ra</marc:subfield>
    </marc:datafield>
  </marc:record>
</marc:collection>
